| 000 | 01230cad a22002535a 4500 | ||
|---|---|---|---|
| 001 | E148227 | ||
| 008 | 090820s2009 xxk f s000 0 eng d | ||
| 020 | _a9780755976201 | ||
| 035 | _a(Sirsi) u148227 | ||
| 041 | 0 | _aeng | |
| 050 | 0 | 4 | _a333.72 $2 18 |
| 100 | 2 | _aPullinger, Martin | |
| 245 | 0 | 0 |
_aReducing waste through promoting product ecodesign _ba discussion paper _h[electronic resource] |
| 260 |
_aEdinburgh _bScottish Government Social Research _c2009 |
||
| 505 | 2 | _aIntroduction -- Methodology -- Context -- Sustainable product design, knowledge and practice -- Policy relating to ecodesign -- Possible Scottish policy interventions -- Conclusions -- Bibliography | |
| 520 | _aExamines ideas for policies that would help to foster the development and use of the principles of ecodesign in Scottish products, in order to contribute to the achievement of a Zero Waste society. | ||
| 521 | _aAdvanced | ||
| 590 | _aKA | ||
| 651 | 4 |
_aScotland _y1999- |
|
| 690 | _aBUILT ENVIRONMENT-CONSTRUCTION DESIGN | ||
| 690 | _aENVIRONMENTAL AND LAND CONSULTANCY-SUSTAINABILITY | ||
| 856 | 4 | 0 |
_uhttps://www.scotland.gov.uk/Publications/2009/08/18161245/0 _zView the report free of charge at www.scotland.gov.uk... |
| 942 | _n0 | ||
| 999 |
_c109963 _d109963 |
||